000
00288nam a2200097Ia 4500
082
_a
158.1|RICH
245
0
_a
Life coach : become the person you've always wanted to be
100
_a
Richardson, Pam London, 2009
_9
66892
942
_c
BK
008
210817s9999 xx 000 0 und d
999
_c
214963
_d
214962